Topological dynamics and applications : a volume in honor of Robert Ellis : proceedings of a conference in honor of the retirement of Robert Ellis, April 5-6, 1995, University of Minnesota /

Guardado en:
Otros Autores: Ellis, Robert, 1926-, Nerurkar, M. G. 1952- (Editor ), Dokken, D. 1950- (Editor ), Ellis, D. 1958- (Editor )
Formato: Libro
Idioma:English
Publicado: Providence, R.I. : American Mathematical Society, c1998.
Series:Contemporary mathematics (American Mathematical Society) ; v. 215.
Materias:
Etiquetas: Agregar Etiqueta
Sin Etiquetas, Sea el primero en etiquetar este registro!
LEADER 03570cam a2200277 a 4500
001 MAT.inmabb003280
008 971003s1998####riuc#####b####110#0#eng##
005 20130321155548.0
245 0 0 |a Topological dynamics and applications :  |b a volume in honor of Robert Ellis : proceedings of a conference in honor of the retirement of Robert Ellis, April 5-6, 1995, University of Minnesota /  |c M. G. Nerurkar, D. P. Dokken, D. B. Ellis, editors. 
260 |a Providence, R.I. :  |b American Mathematical Society,  |c c1998. 
300 |a ix, 334 p. :  |b retr. ;  |c 26 cm. 
490 1 |a Contemporary mathematics,  |x 0271-4132 ;  |v 215 
504 |a Incluye referencias bibliográficas. 
505 0 |a H. Furstenberg and E. Glasner, Robert Ellis and the algebra of dynamical systems -- J. Auslander [Joseph Auslander], Weak mixing and pure weak mixing minimal flows -- E. Glasner, M. Mentzen and A. Siemaszko, A natural family of factors for minimal flows -- E. Akin and E. Glasner, Topological ergodic decomposition and homogeneous flows -- D. Penazzi, On the proximal and regionally proximal relation of an extension between minimal flows -- E. Akin, J. Auslander [Joseph Auslander] and K. Berg, Almost equicontinuity and the enveloping semigroup -- V. Pestov, Some universal constructions in abstract topological dynamics -- T. Downarowicz, Weakly almost periodic flows and hidden eigenvalues -- E. Akin, Enveloping linear maps -- H. Keynes, K. Madden [Kathleen M. Madden], N. Markley and M. Sears, An overview of the construction of suspension flows using continuous cocycles -- D. Ellis [David B. Ellis], Suspensions, inheritance, and flows on homogeneous spaces -- H. Ikeshoji and T. Wu [Ta Sun Wu], On the lifting of transformation semigroups -- D. Dokken, Idempotent measures associated to a locally compact topological group -- S. Adams [Scot Adams], Another proof of Moore's ergodicity theorem for ${ rm SL}(2,R)$ -- B. Weiss [Benjamin Weiss], Multiple recurrence and doubly minimal systems -- H. Furstenberg and E. Glasner, Subset dynamics and van der Waerden's theorem -- V. Bergelson and R. McCutcheon, Recurrence for semigroup actions and a non-commutative Schur theorem -- Z. Coelho, W. Parry [William Parry] and R. Williams [Robert F. Williams], A note on Liv v sic's periodic point theorem -- Eli Glasner and Jonathan L. King, A zero-one law for dynamical properties -- D. Rudolph [Daniel J. Rudolph], Residuality and orbit equivalence -- J. Feldman [Jacob Feldman1], Uncountably many Vershik-inequivalent group actions of equal entropy -- M. Nerurkar, Positive exponents for a dense set of continuous ${ rm SL}(2, R)$ valued cocycles which arise as solutions to strongly accessible linear differential systems -- G. Sell, W. Shen [Wen Xian Shen] and Y. Yi [Yingfei Yi], Topological dynamics and differential equations -- S. Novo and R. Obaya [Rafael Obaya García], An ergodic and topological approach to almost periodic bidimensional linear systems -- R. Johnson [Russell Allen Johnson], An application of topological dynamics to bifurcation theory. 
510 4 |a MR,  |c 98h:54001 
020 |a 0821806084 (pbk.) 
700 1 |a Ellis, Robert,  |d 1926- 
700 1 |a Nerurkar, M. G.  |q (Mahesh G.),  |d 1952-  |4 edt 
700 1 |a Dokken, D.  |q (Douglas),  |d 1950-  |4 edt 
700 1 |a Ellis, D.  |q (David),  |d 1958-  |4 edt 
830 0 |a Contemporary mathematics (American Mathematical Society) ;  |v v. 215. 
650 0 |a Topological dynamics  |x Congresses. 
084 |a 37Bxx (00B30 37-06 54-06)  |2 msc2000 
010 |a  97038715  
040 |a DLC  |c DLC  |d DLC 
859 |h 37  |i T675d  |p A-7654  |b BIB. MATEMATICA